000 00963nam a22002415i 4500
001 175726
003 ES-MaACL
005 20250715193810.0
008 101118s1973 sp |||| | spa d
080 _a1 Sartre, Jean-Paul
100 0 _aLaing, Ronald David.
_969695
245 1 0 _aRazón y violencia
_b: una década de pensamiento sartreano /
_cR. D. Laing y D. G. Cooper ; prefacio de Jean-Paul Sartre ; [versión castellana Martha Eguía].
260 _aBuenos Aires :
_bPaidós,
_cimp. 1973.
300 _a146 p. ;
_c23 cm.
490 1 _aBiblioteca de psicología social y sociología ;
_v39
594 _aTít. original: Reason and violence.
600 1 4 _aSartre, Jean-Paul,
_d1905-1980-
_vCrítica e interpretación
_9103900
700 1 _aCooper, D. G.
_9144015
700 1 _aEguía, Marta Susana.
_9144016
830 0 _aBiblioteca de psicología social y sociología ;
_v39
_9223915
852 _aES-MaACL
_jE-13574
999 _c175726
_d175726